| 000 | 00754nam a22002057a 4500 | ||
|---|---|---|---|
| 005 | 2010051205045.0 | ||
| 008 | 091015t xxu||||| |||| 00| 0 eng d | ||
| 020 |
_c395.00 _a9781845298678 |
||
| 037 | _bPansy Books | ||
| 040 |
_adpl _bEnglish |
||
| 100 | _aMay, Robert M. | ||
| 245 |
_aThe Britannica guide to India climate change: _cby Robert M. May _ban unbiased guide to the key issue of our age / |
||
| 260 |
_aPhiladelphia _bRunning Press Book _c2008 |
||
| 270 |
_a2300 Chestnut Street _bPhiladelpia |
||
| 300 |
_axvi, 460p. _c20cm(pbk) |
||
| 500 | _aIncludes index | ||
| 942 |
_2ddc _cEN _mMAY |
||
| 999 |
_c35989 _d35989 |
||